000 01739nam0a2200361 4500
001 RU\NLR\BIBL_A\011573620
005 20260406075055.0
010 _a9785892827324
_9500
021 _aRU
_b2017-92876
_96654
035 _a(RuMoRGB)009474720
035 _a(NLR Aleph) 011573620
090 _a10810011
_c10810011
100 _a20171225d2017 k y0rusy50 ca
101 0 _arus
102 _aRU
105 _aac z 001zy
200 1 _a"Красные волки" Йемена
_eнациональный фронт в революции
_e[монография]
_fВ. В. Наумкин
_gРоссийская академия наук, Институт востоковедения
205 _a[Изд. 2-е, испр.]
210 _aМосква
_cИВ РАН
_d2017
215 _a309, [1] с., [18] л. ил., портр.
_cтабл.
_d24
300 _aНа тит. л.: К 200-летию Института востоковедения РАН
320 _aБиблиогр.: с. 285-299 и в подстроч. примеч.
320 _aУказ. имен: с. 300-304
320 _aУказ. геогр. назв.: с. 305-308
517 1 _aНациональный фронт в революции
606 1 _aНационально-освободительное движение
_yЙемен
_z20 в.
_91738884
_3RU\NLR\AUTH\66777907
686 1 _aТ3(5Йен)6-45
700 1 _8rus
_7ca
_aНаумкин
_bВ. В.
_f1945-
_gВиталий Вячеславович
_3RU\NLR\AUTH\7736300
_919290
942 _cBOOK
980 _aNBR